NFL 2017-2018 1,000 Yard Receivers - Statistics

General Stats
  • This quiz has been taken 1,134 times
  • The average score is 12 of 15
Answer Stats
Team Answer % Correct
PIT Antonio Brown
99%
ATL Julio Jones
99%
HOU DeAndre Hopkins
96%
NO Michael Thomas
96%
KC Tyreek Hill
94%
LAC Keenan Allen
93%
TB Mike Evans
91%
CIN A.J. Green
86%
ARI Larry Fitzgerald
84%
KC Travis Kelce
80%
MIN Adam Thielen
76%
NE Rob Gronkowski
72%
DET Golden Tate
56%
NE Brandin Cooks
38%
DET Marvin Jones Jr
19%
No matching quizzes found
Score Distribution
Percent of People with Each Score
Percentile by Number Answered
Your Score History
You have not taken this quiz